000 00484nam a2200181 4500
001 3263
005 20181127170900.0
020 0 0 _a
090 0 0 _a242.65498 D7949t 2011
245 0 0 _aThe timely thunder.
_b
_h
250 0 0 _a
260 0 0 _aGurgaon :
_bDrukpa Publications Pvt. Ltd,
_c2011.
300 0 0 _a152 p. : col. ill. ; 30 cm.
500 0 0 _a
650 0 0 _aBuddhism --Doctrines.
_x
650 0 0 _aEnlightenment (Buddhism)
_x
650 0 0 _aLamas China Tibet Autonomous Region Biography.
_x
999 _c2637
_d2637